Football Field (Canvas) (Record no. 193394)

MARC details
000 -LEADER
fixed length control field 00623nrm a2200217 ia4500
005 - DATE AND TIME OF LATEST TRANSACTION
control field 20231106113201.0
008 - FIXED-LENGTH DATA ELEMENTS--GENERAL INFORMATION
fixed length control field 231018s2023 ja gleng d
024 ## - OTHER STANDARD IDENTIFIER
Terms of availability RM 50.00
040 ## - CATALOGING SOURCE
Original cataloging agency PPAK
Language of cataloging eng
Transcribing agency PPAK
Description conventions rda
082 04 - DEWEY DECIMAL CLASSIFICATION NUMBER
Classification number 793.4
Edition number 23
090 00 - LOCALLY ASSIGNED LC-TYPE CALL NUMBER (OCLC); LOCAL CALL NUMBER (RLIN)
Classification number (OCLC) (R) ; Classification number, CALL (RLIN) (NR) 793.4
Feature heading FOO
Feature heading RK
245 00 - TITLE STATEMENT
Title Football Field (Canvas)
264 #1 - PRODUCTION, PUBLICATION, DISTRIBUTION, MANUFACTURE, AND COPYRIGHT NOTICE
Place of production, publication, distribution, manufacture Osaka, Japan :
Name of producer, publisher, distributor, manufacturer Artec Co., Ltd.,
Date of production, publication, distribution, manufacture, or copyright notice 2023
300 ## - PHYSICAL DESCRIPTION
Extent 1 canvas
336 ## - CONTENT TYPE
Content type term object
Source rdacontent
337 ## - MEDIA TYPE
Media type term unmediated
Source rdamedia
338 ## - CARRIER TYPE
Carrier type term volume
Source rdacarrier
500 ## - GENERAL NOTE
General note Play with 2 robots (comes seperately)
650 10 - SUBJECT ADDED ENTRY--TOPICAL TERM
Topical term or geographic name entry element Games of action
942 ## - ADDED ENTRY ELEMENTS (KOHA)
Source of classification or shelving scheme Dewey Decimal Classification
Koha item type Games
Holdings
Withdrawn status Lost status Source of classification or shelving scheme Damaged status Not for loan Current library Shelving location Date acquired Total Checkouts Full call number Barcode Date last seen Cost, replacement price Koha item type
    Dewey Decimal Classification   Not For Loan Perpustakaan Alor Setar Rujukan Kanak-kanak 07/11/2023   RK 793.4 FOO A01798002 07/11/2023 47.50 Games